Sheep: their breeds, management, and diseases : to which is added The mountain shepherd's manual.

Bibliographic Details
Other Authors: Youatt, William, 1776-1847
Format: Book
Language:English
Published: London : published under the superintendence of the Society for the Diffusion of Useful Knowledge [by] Baldwin and Cradock, Paternoster Row, MDCCCXXXVII. [1837]
Series:Library of useful knowledge.
Subjects:

MARC

Tag First Indicator Second Indicator Subfields
LEADER 00000cam a2200000Ma 4500
001 in00004517839
005 20200521132628.0
008 090505s1837 enka 001 0 eng d
035 |a (OCoLC)ocn320173863 
035 |a (OCoLC)320173863 
040 |a CLU  |c CLU  |d UtOrBLW  |d TMV 
049 |a TMVM  |c 1 
060 4 |a SF 375  |b S541 1837 
245 0 0 |a Sheep: their breeds, management, and diseases :  |b to which is added The mountain shepherd's manual. 
264 1 |a London :  |b published under the superintendence of the Society for the Diffusion of Useful Knowledge [by] Baldwin and Cradock, Paternoster Row,  |c MDCCCXXXVII. [1837] 
300 |a viii, 568, 36 pages :  |b illustrations ;  |c 22 cm 
336 |a text  |b txt  |2 rdacontent 
337 |a unmediated  |b n  |2 rdamedia 
338 |a volume  |b nc  |2 rdacarrier 
490 1 |a Library of useful knowledge 
500 |a Title page vignette: "The Leicester ram" 
500 |a Preface signed W. Youatt. 
500 |a "Library of useful knowledge" - at head of title 
500 |a The mountain shepherd's manual final 36 pages. 
500 |a Includes index. 
561 |3 Copy 1  |a John G.P. Wood (collection sold to TMV, small red label "J.G.P. Wood M.R.C.V.S" on back paste-down).  |5 TMV 
561 |3 Copy 2  |a John Clewlow (sold to TMV).  |5 TMV 
563 |3 Copy 2  |a Original publisher's cloth with new leather spine.  |5 TMV 
650 0 |a Sheep. 
650 0 |a Sheep  |x Diseases. 
650 0 |a Sheep  |x Breeding. 
650 0 |a Sheep  |x Management. 
650 2 |a Sheep. 
650 2 |a Sheep Diseases. 
650 2 |a Animal Husbandry. 
700 1 |a Youatt, William,  |d 1776-1847. 
830 0 |a Library of useful knowledge. 
999 f f |s d3b643e5-bd3f-3933-ba23-b7690b4cbd1b  |i c30d71e2-2988-3b52-92f5-595a71a01592  |t 0 
952 f f |p noncirc  |a Texas A&M University  |b College Station  |c Medical Sciences Library  |d MSL: Special Collections  |t 0  |e SF 375 S541 1837  |h National Library of Medicine classification  |i unmediated -- volume  |m 323890225868D 
952 f f |p noncirc  |a Texas A&M University  |b College Station  |c Medical Sciences Library  |d MSL: Special Collections  |t 0  |e SF 375 S541 1837  |h National Library of Medicine classification  |i unmediated -- volume  |m 323890258699L 
998 f f |a SF 375 S541 1837  |t 0  |l MSL: Special Collections 
998 f f |a SF 375 S541 1837  |t 0  |l MSL: Special Collections